000
00292nam a22001097a 4500
082
_a
658.3 SCO'P
100
_a
SCOTT, W. D CLOTHIN, R. C
_9
73604
245
_a
PERSONAL MANAGEMENT PRINCIPLES PRACTICES AND POINT OF VIEW
260
_a
NEWYORK
_b
MCGRAW HILL
_c
1949
300
_a
648P
942
_c
BK
999
_c
579284
_d
579284